[Event "Nanjing Pearl Spring 1st"]
[Site "Nanjing"]
[Date "2008.12.18"]
[Round "7"]
[White "Bu, Xiangzhi"]
[Black "Topalov, Veselin"]
[Result "1/2-1/2"]
[WhiteElo "2714"]
[BlackElo "2791"]
[Annotator "Krasenkow,M"]
[PlyCount "139"]
[EventDate "2008.12.11"]
[EventType "tourn"]
[EventRounds "10"]
[EventCountry "CHN"]
[EventCategory "21"]
[SourceTitle "CBM 128"]
[Source "ChessBase"]
[SourceDate "2009.01.28"]
[SourceVersion "1"]
[SourceVersionDate "2009.01.28"]
[SourceQuality "1"]

1. Nf3 Nf6 2. c4 e6 3. Nc3 d5 4. d4 c6 5. Bg5 h6 6. Bxf6 Qxf6 7. e3 Nd7 8. Bd3
dxc4 9. Bxc4 g6 10. O-O Bg7 11. Qc2 Qe7 12. Rad1 O-O 13. Rfe1 a6 {A typical
flexible move keeping a lot of possibilities (...b7-b5, ...c6-c5, ...e6-e5).
The other options seen in practice:} (13... b5) (13... Rd8) (13... b6) (13...
Nb6) 14. a3 (14. e4 b5 {[%cal Yc6c5]}) (14. Ne4 b6 $5 {[%cal Yc8b7,Yc6c5]})
14... b5 15. Ba2 c5 16. d5 c4 $5 $146 (16... Nb6 17. e4 (17. d6 $142 Qf6 18. e4
Bb7 19. e5 $36) 17... Bb7 18. e5 exd5 19. Nxd5 Bxd5 20. Bxd5 Rad8 21. Ba2 c4
$11 22. h4 $6 Rxd1 23. Rxd1 Nd7 24. Re1 Nxe5 $17 {0-1 Oms Pallise,J-Perez
Candelario,M/Lorca 2005/CBM 111 (30)}) 17. dxe6 (17. d6 {doesn't work now as
White can´t safely support this pawn:} Qf6 18. e4 Bb7 19. e5 $6 Qf4 $17 {
[%csl Re5]}) 17... Qxe6 18. b3 Ne5 19. Nxe5 Qxe5 20. Nd5 cxb3 21. Bxb3 Bb7 $2 {
[%mdl 8192] Is it a blunder or a kind of bewilderment? Did Black simply fail
to find a satisfactory move and decide to give up material? In fact he had a
lot of possibilities, e.g.} (21... Kh7) (21... Rb8) ({and the simplest:} 21...
Be6 22. f4 Qb2 $1 23. Ne7+ Kh7 $1 24. Nxg6 fxg6 25. Qxb2 Bxb2 26. Bxe6 Rad8 $1
{White can't save his extra pawn, and after} 27. a4 bxa4 {Black's strong
a-pawn compensates for his inferior pawn structure (indicated by GM K.Maslak).}
) 22. Nb6 {[%cal Rb6a8,Rb6d7] Black loses an exchange but his bishop pair
makes converting this advantage quite difficult.} Be4 23. Qa2 Rae8 24. Nd7 Qg5
$1 25. f4 {[%csl Re3,Ge4]} Qf5 26. Nxf8 Bxf8 27. Bd5 h5 $1 28. Rd4 $6 {White
exchanges a lot of material but perhaps it was better to keep tension by means
of} (28. Bxe4 Rxe4 (28... Qxe4 29. Qb3) 29. Rd5 {[%cal Yf4f5]}) 28... Bc5 29.
Bxe4 Rxe4 30. Rxe4 Qxe4 31. Kh1 Qd3 32. a4 $2 (32. e4 $142 Bxa3 33. e5) 32...
bxa4 $2 (32... Bxe3 $1 33. axb5 Qxb5 $1 ({but not} 33... axb5 $4 34. Qa8+ Kg7
35. Qf3) 34. g3 {otherwise Black wins the f4 pawn with a clear draw} h4 $1 {
and Black's counterplay should save him.}) 33. Qxa4 Qc3 $6 (33... Qd2 34. Qe8+
(34. Qa1 Kh7) 34... Kg7 35. Qe5+ Kh7 36. Rf1 Qd3) 34. Rf1 $6 {Missing} (34.
Qe8+ Kg7 (34... Bf8 35. Rd1) 35. Qe5+ Qxe5 36. fxe5 {with good winning chances
in the endgame.}) 34... Qd3 35. Qa1 Kh7 36. e4 ({After} 36. f5 Bxe3 $1 (36...
gxf5 $143 37. e4 $1 Qxe4 38. Qf6) 37. fxg6+ fxg6 38. Rf7+ Kh6 {, surprisingly,
there is nothing decisive in sight. Naturally, the exchange of queens leads to
a theoretically drawn ending as in the line} 39. Rf3 Qd4 40. Qxd4 $2 Bxd4)
36... Qxe4 37. Qxa6 Be7 {If Black now manages to put his queen to f5, White,
with his unsafe king and weak f4-pawn, will hardly be able to win.} 38. f5 $1 (
38. Qb5 Bd6 $5 39. f5 $140 Qh4 $1 40. fxg6+ Kh6 $1 41. g3 Qe4+ 42. Kg1 Be5 $1)
(38. Qa1 $5 {[%cal Ya1e5]}) 38... gxf5 39. Qc8 Kg6 (39... f4 40. Qc7 f3 41.
gxf3 Qe2 42. Kg1) 40. Qg8+ Kf6 41. Qh7 h4 42. Ra1 $2 {Just one inaccurate move
- and winning chances are gone!} (42. Qh6+ Ke5 43. Ra1 $40 {[%csl Re5]}) 42...
Qf4 {[%cal Re7d6] White can´t now either win a pawn or pose any threats to the
black king, and Black´s counterplay is sufficient for a draw.} 43. Qh8+ Kg6 44.
Qg8+ Kf6 45. Rd1 Bd6 46. Qd8+ Ke6 47. Re1+ Be5 48. Qb6+ Ke7 49. Qg1 {The only
way to protect the h2-pawn but in the long term it will always tie up the
white pieces.} Kf6 50. Rf1 Qe4 51. Qb6+ Kg7 52. Qb3 Kg6 53. Qf3 Bd6 54. Qc3 Be5
55. Qa3 Qe2 56. Qc1 f6 57. Re1 Qf2 58. Qe3 Qc2 59. Qf3 Qd2 60. Rf1 Qc2 61. Re1
Qd2 62. Rd1 Qb4 63. Rf1 Qe4 64. Qb3 Kh6 65. Qd1 Kg6 66. Qd2 Qc4 67. Rc1 Qe4 68.
Re1 Qc4 69. Rc1 Qe4 70. Re1 1/2-1/2

[Event "EU-ch 10th"]
[Site "Budva"]
[Date "2009.03.16"]
[Round "10"]
[White "Georgiev, Kiril"]
[Black "Erdos, Viktor"]
[Result "1-0"]
[WhiteElo "2634"]
[BlackElo "2582"]
[Annotator "Krasenkow,M"]
[PlyCount "127"]
[EventDate "2009.03.06"]
[EventType "swiss"]
[EventRounds "11"]
[EventCountry "MNE"]
[SourceTitle "CBM 130"]
[Source "ChessBase"]
[SourceDate "2009.05.20"]
[SourceVersion "1"]
[SourceVersionDate "2009.05.20"]
[SourceQuality "1"]

1. Nf3 Nf6 2. c4 e6 3. Nc3 d5 4. d4 c6 5. Bg5 h6 6. Bxf6 Qxf6 7. g3 Nd7 8. Bg2
dxc4 9. e3 $5 $146 (9. O-O {is played automatically in this position. GM Kiril
Georgiev, however, decides to deal with the c4-pawn at once.}) 9... Be7 (9...
e5 $5) 10. Qe2 O-O 11. Qxc4 e5 12. O-O Nb6 13. Qb3 Be6 $11 {Black has
completed his development and has no problems.} 14. dxe5 (14. Qc2 exd4 (14...
Bf5 $5) 15. Nxd4 Rfd8 $11) 14... Qxf3 (14... Qg6 $5 15. Qd1 Rfd8 {was a
promising pawn sacrifice but the Hungarian GM prefers a simpler course.}) 15.
Bxf3 Bxb3 16. axb3 Nd7 17. Rfd1 (17. e6 fxe6 18. Bg4 Kf7) 17... Nxe5 {It looks
unbelievable that Black can lose this endgame.} 18. Be2 Rfd8 19. Rxd8+ Bxd8 20.
Rd1 Bb6 21. Na4 Rd8 22. Nxb6 Rxd1+ 23. Bxd1 axb6 {[%mdl 4096]} 24. Kf1 Kf8 25.
f4 Nd3 26. Ke2 Nc5 27. Bc2 Ke7 28. e4 f6 29. Ke3 Kd6 30. h4 b5 31. Bd1 Ne6 32.
Bg4 Nc5 (32... c5 $5) 33. Bd1 Ne6 34. b4 b6 35. Bg4 Nc7 36. Bc8 c5 37. Kf3 Ke7
$6 {A strange manoeuvre.} (37... cxb4 $5 38. Kg4 $6 Kc5 39. Kf5 Kc4 {and Black
is by no means worse.}) 38. h5 Kd8 39. Bb7 Ne6 40. e5 fxe5 41. fxe5 Ke7 42. Bd5
Nc7 43. Bb7 Ne6 44. Ke4 cxb4 45. Bc6 Nc5+ 46. Kd4 Na4 47. b3 Nc5 48. Bd5 Nd7 $2
{White's only plan is to bring his king to g6 and then play e6-e7. It was easy
to prevent:} (48... Kd7 49. Ke3 Ke7 50. Kf4 Na6 51. Kf5 Nc7 52. Be4 (52. Bc6
Ne6) 52... Ne6 53. Kg6 Kf8 54. Bd5 Nd4 55. e6 (55. g4 Ne2) 55... Ne2 56. e7+
Kxe7 57. Kxg7 Nxg3 58. Kxh6 Kf6 $11) (48... Na6 49. Ke4 Nc7 {was even simpler:
if the white king goes to g6 then after} 50. Bb7 Ne6 51. Kf5 Nd4+ 52. Kg6 Nxb3
53. Kxg7 Nd2 54. Kxh6 b3 {it is White who must look for the draw:} 55. Bc8 Ne4
56. Bf5 Nxg3 57. Bg6 Ke6 58. Kg5 Nxh5 59. Kxh5 Kxe5 60. Kg4 {etc.}) 49. Ke4
Nc5+ $6 {Too late!} ({I am not sure if White can win after} 49... Nf8 50. Kf5
Kd7 {He can win the b5-pawn then try to bring his king back to the queenside -
all that needs a detailed analysis.}) 50. Kf5 Kf8 $2 {After the text move,
amazingly, Black can't organize his defence!} (50... Na6 51. Kg6 Nc7 (51... Kf8
52. g4 Nc7 53. Bf7 $22 $18 ({but not} 53. Bc6 Kg8 $1 54. e6 Nxe6 55. Bd5 Kh8
56. Bxe6 {-stalemate!})) 52. Bf7 Kf8 53. g4 $22 Na6 54. e6 Nc5 55. e7+ Kxe7 56.
Kxg7 Ne4 57. Bg6 Ng5 58. Kxh6 Kf6 59. Be8 Ne4 60. Bxb5 Ng5 61. Be2 $18) (50...
Nd7 $1 {, admitting his mistake, was Black's only chance:} 51. g4 (51. Kg6 Kf8
52. e6 Nf6 53. Bf3 Ng8 54. Kf5 Ke7 {looks like a draw}) 51... Nf8 {- see
annotation to move 49}) 51. g4 $22 Ke7 (51... Nd7 52. Ke6 $18) (51... Nd3 52.
Ke6 $18) 52. Kg6 Kf8 53. e6 Nd3 54. e7+ Kxe7 55. Kxg7 Nf4 56. Kxh6 $1 {the
simplest} Nxd5 57. Kg7 Nf4 58. h6 Ne6+ 59. Kg8 Ng5 60. h7 Nf7 61. g5 Nh8 62.
Kxh8 Kf7 63. g6+ Kxg6 64. Kg8 1-0

[Event "Olympiad-40"]
[Site "Istanbul"]
[Date "2012.08.30"]
[Round "3.1"]
[White "Kramnik, Vladimir"]
[Black "Shirov, Alexei"]
[Result "1/2-1/2"]
[WhiteElo "2797"]
[BlackElo "2706"]
[Annotator "Krasenkow,M"]
[PlyCount "134"]
[EventDate "2012.08.28"]
[EventType "team-swiss"]
[EventRounds "11"]
[EventCountry "TUR"]
[SourceTitle "CBM 151"]
[Source "ChessBase"]
[SourceDate "2012.11.13"]
[SourceVersion "1"]
[SourceVersionDate "2012.11.13"]
[SourceQuality "1"]
[WhiteTeam "Russia"]
[BlackTeam "Latvia"]
[WhiteTeamCountry "RUS"]
[BlackTeamCountry "LAT"]

1. d4 d5 2. c4 c6 3. Nf3 Nf6 4. Nc3 e6 5. Bg5 h6 6. Bxf6 Qxf6 7. e3 Nd7 8. Be2
{A quiet move.} Bd6 {This continuation is quite rare.} (8... dxc4 {is logical
and leads to the 8.Bd3 system after} 9. Bxc4) (8... g6 {and}) (8... Qd8 {
are other typical options.}) 9. O-O (9. cxd5 $6 exd5 10. O-O Qe7 11. Bd3 O-O
12. e4 dxe4 13. Nxe4 {0-1 Nascimento,A (2205)-Chernin,A (2495)/Luzern 1985/MCD
(32)} Nf6 $15 {/=}) (9. e4 {is harmless due to} dxe4 10. Nxe4 Bb4+) (9. Qc2 O-O
10. O-O Qe7 11. Rad1 b6 12. e4 dxc4 13. Bxc4 Bb7 14. Rfe1 Rac8 15. Qe2 Rfe8 16.
Bb3 $6 (16. e5 $5) 16... e5 17. d5 Bb4 18. Rc1 Nc5 $15 {0-1 Galmiche,A (2050)
-Klovans,J (2440)/Douai 1993/EXT 2004 (25)}) 9... Qe7 $146 (9... O-O {is less
accurate as} 10. e4 {gains in strength, e.g.} dxe4 11. Nxe4 Qe7 12. Nxd6 Qxd6
13. c5 $1 Qc7 14. Rc1 Rd8 15. Qd2 Nf8 $6 (15... e5 16. d5) 16. Qe3 Bd7 17. Ne5
$16 {1-0 Rychagov,A (2375)-Kochetov,D/Moscow 1996/CBM 056 ext (29)}) 10. e4
dxe4 11. Nxe4 Bc7 12. c5 {Still, despite Black's dark-squared bishop, this
blockading move is White's best chance.} O-O (12... e5 13. Bc4 $36) 13. Re1 Ba5
(13... b6 14. b4 a5 15. a3) 14. Rf1 Bc7 15. Qc2 {White now tries another idea.}
e5 16. Bc4 (16. Rfe1 $5 exd4 (16... Ba5 $140 17. Nd6 $1 Bxe1 18. Rxe1 $44) 17.
Bc4 {- below}) 16... Nf6 $6 {This allows Whte to keep up the pressure despite
exchanges.} (16... exd4 {was quite possible:} 17. Rfe1 Nf6 18. Nd6 Qd8 19. Nxc8
Rxc8 20. Rad1 Re8 $11 21. Qb3 $140 Rxe1+ 22. Rxe1 Qd7) 17. Nxf6+ Qxf6 18. Nxe5
Bxe5 19. dxe5 Qxe5 20. Rfe1 Qg5 21. Re3 {[%csl Gc4,Rc8]} Bf5 22. Qc3 $14 Bg6
23. Rae1 Rad8 24. Re5 $6 {This move enables Black to simplify the game.} (24.
g3 $5 {[%cal Yh2h4]}) 24... Qd2 25. Re7 b5 26. cxb6 Qxc3 27. bxc3 axb6 28. Rc7
b5 29. Bb3 Rc8 30. Rb7 (30. Ree7 c5 $1 31. Bxf7+ Bxf7 32. Rxf7 Rxc7 33. Rxc7 c4
(33... Rd8 $5 34. Kf1 c4 35. Rb7 Rd3 36. Rxb5 Rxc3 {, and Black should manage
to trade the queenside pawns}) 34. Rd7 Ra8 35. Rd2 Ra3 36. Rc2 Kf7 37. Kf1 Ke6
38. Ke2 Kd5 39. Kd2 b4 40. cxb4 Kd4 {with sufficient counterchances}) 30...
Rfe8 31. Rxe8+ Rxe8 {[%mdl 4096]} 32. f4 Kh7 33. Kf2 f6 34. Rc7 Be4 35. g4 Bd5
36. h4 Ra8 37. Ke3 Bxb3 38. axb3 Ra3 {Despite all White's efforts, the rook
ending proves to be drawish.} 39. Rxc6 Rxb3 40. Ke4 b4 41. c4 h5 (41... Rc3 $5
42. Kd4 Rf3 43. c5 Rxf4+ 44. Kd5 f5) 42. g5 fxg5 43. hxg5 Ra3 44. Rb6 b3 (44...
h4 $142 $1 45. Rxb4 (45. Kf5 h3 46. Rxb4 h2 47. Rb1) 45... Kg6 46. Rb7 h3 47.
f5+ Kxg5 48. Rxg7+ Kh6 49. Rg8 Kh7 50. Rg4 Ra6 $1 $11) 45. f5 h4 46. Rb8 {
Black is now in some trouble.} Ra4 47. Kd4 Ra5 $2 {A good idea but bad
implementation.} (47... Ra2 $5 48. Rxb3 Rd2+ 49. Ke5 Rc2 50. Kd5 Rf2) 48. c5
Ra4+ 49. Kd5 Rf4 50. Ke6 $2 (50. c6 {is not winning:} Rxf5+ 51. Kd6 Rf1 52. c7
(52. Rxb3 Rd1+ 53. Ke7 Rc1 54. Kd7 Kg6) 52... Rc1 53. c8=Q Rxc8 54. Rxc8 Kg6
55. Ke5 (55. Rc5 h3) 55... h3 $1 (55... Kxg5 56. Ke4 Kg4 57. Ke3 Kg3 58. Ke2
Kg2 59. Rc5 b2 60. Rg5+ Kh2 61. Rb5 Kg2 62. Rxb2 h3 (62... g5 63. Rb4) 63. Rb5
h2 64. Rg5+ Kh3 65. Kf2 h1=N+ 66. Kf3 $18) 56. Rc1 (56. Kf4 $4 b2 57. Rb8 h2)
56... Kxg5 57. Ke4 Kg4 58. Rg1+ (58. Ke3 h2) 58... Kh4 59. Kf3 h2 60. Rd1 (60.
Rb1 Kh3 61. Kf2 b2 $1) 60... Kh3 61. Kf2 b2 $1 {[%cal Yg7g5,Yg5g4,Yg4g3] , and
White must repeat moves:} 62. Rd3+ Kh4 63. Rd1 Kh3) (50. f6 $1 {is the right
move - see below}) 50... Re4+ $2 (50... h3 $1 51. Rxb3 Rh4 52. c6 (52. Rb1 Rc4
53. Kd6 Rd4+ 54. Kc6 h2 55. Rh1 Rd2 $11) 52... h2 53. c7 h1=Q 54. c8=Q Qd1 $1 (
54... Qe4+ $2 55. Kf7 Qd5+ 56. Qe6) 55. g6+ Kh6 56. Qh8+ Kg5 57. Rg3+ Rg4 58.
Rxg4+ Qxg4 $11) 51. Kd5 (51. Kf7 $1 {was quite correct. White's win is really
study-like:} Re5 {The main line:} 52. f6 Rxg5 53. Rb4 $1 Rh5 54. c6 b2 55. fxg7
$1 (55. Rxb2 Rf5 56. Ke8 Rxf6 57. c7 Rc6 58. Kd7 Rxc7+ 59. Kxc7 Kg6 $1 60. Rb5
Kf6 61. Kd6 g5 $11) (55. c7 b1=Q $1 56. Rxb1 Rc5 57. Rb7 (57. Ke6 Rxc7 58. f7
Rc8 59. Ke7 g5 60. f8=Q Rxf8 61. Kxf8 Kg6 $11) 57... gxf6 58. Ke7 Kg6 $11)
55... Rf5+ 56. Ke6 Rc5 (56... Rf2 57. Rxh4+ Kxg7 58. Rb4) 57. Kd6 Rc1 $1 (57...
Rc2 $2 58. Rxh4+ Kxg7 59. Rb4) 58. Rxb2 Kxg7 (58... Rd1+ 59. Ke7 Re1+ 60. Kd8
Rd1+ 61. Kc8 Kxg7 62. c7 Kg6 63. Kb8 Rc1 64. Rb5 $1 $18) (58... h3 59. Rb3) 59.
Rh2 $1 Rd1+ 60. Kc7 Rd4 61. Kb6 Rc4 62. c7 $18 {[%cal Rh2h4]}) 51... Rf4 52. f6
$1 {Another good idea, enough for a win.} gxf6 53. c6 Rf5+ 54. Kd6 Rf1 55. c7
Rc1 56. gxf6 $4 {A bad slip at the last moment.} (56. c8=Q Rxc8 57. Rxc8 {
Unbelievably, with Black's pawn on f6 instead of g7 (see 50.c6), White wins:}
Kg6 (57... fxg5 58. Ke5 h3 59. Rc1 Kg6 60. Ke4 Kh5 61. Kf3 Kh4 62. Kf2) 58. Kd5
$1 h3 (58... Kxg5 59. Ke4 b2 60. Rg8+ Kh5 61. Rg1 h3 62. Kf3 $18) 59. Rc1 b2
60. Rb1 Kxg5 61. Ke4 Kg4 62. Rg1+ Kh4 63. Kf4 h2 64. Rb1 Kh3 65. Kf3 f5 66. Rh1
f4 67. Rb1 $18 {- Black's f-pawn, unlike the g-pawn, doesn't bother White!})
56... Kg6 57. Rxb3 (57. c8=Q Rxc8 58. Rxc8 Kxf6 59. Rc5 b2 60. Rb5 h3 61. Rxb2
Kf5 $11) 57... Kxf6 58. Rb8 (58. Rb5 h3 $1 59. Rh5 Rd1+ 60. Kc6 Rc1+ 61. Kd7
Rd1+ 62. Kc8 Rd3 $11 {- White's king is far away and can't attack the rook as
in the 51.Kf7 line.}) 58... Rd1+ (58... Rxc7 59. Kxc7 Kf5 {was possible}) 59.
Kc6 Rc1+ 60. Kd7 Kf5 61. c8=Q Rxc8 62. Rxc8 h3 63. Kd6 Kf4 64. Rc3 Kg4 65. Ke5
h2 66. Rc1 Kf3 67. Kf5 Kg2 1/2-1/2

[Event "Olympiad-39"]
[Site "Khanty-Mansiysk"]
[Date "2010.10.03"]
[Round "11.1"]
[White "Kramnik, Vladimir"]
[Black "Shirov, Alexei"]
[Result "1-0"]
[WhiteElo "2780"]
[BlackElo "2749"]
[Annotator "Krasenkow,M"]
[PlyCount "83"]
[EventDate "2010.09.21"]
[EventType "team-swiss"]
[EventRounds "11"]
[EventCountry "RUS"]
[SourceTitle "CBM 139"]
[Source "ChessBase"]
[SourceDate "2010.11.18"]
[SourceVersion "1"]
[SourceVersionDate "2010.11.18"]
[SourceQuality "1"]
[WhiteTeam "Russia"]
[BlackTeam "Spain"]
[WhiteTeamCountry "RUS"]
[BlackTeamCountry "ESP"]

1. d4 d5 2. c4 c6 3. Nf3 Nf6 4. Nc3 e6 5. Bg5 Nbd7 6. Qb3 {Quite a harmless
way to avoid the Cambridge Springs.} Be7 (6... Qa5 $1 {is more aggressive and
strong.}) 7. e3 h6 (7... O-O) 8. Bh4 b6 $6 {Hardly a good "version of the TMB
system".} (8... O-O $142) 9. cxd5 exd5 {White will now prepare e3-e4.} 10. Bd3
(10. Be2 $143 Bb7 11. O-O O-O 12. Rfd1 Re8 13. Rac1 Bd6 14. a3 Qe7 15. Bd3 {
Still, after losing a lot of time!} Qf8 (15... Qe6 $5) 16. Qc2 $13 {1-0 Fuster,
G-Florian,T/Gyor 1946/EXT 2000 (64)}) 10... O-O 11. O-O Bb7 12. Rac1 {Probably
too modest.} (12. Qc2 $5 $14 {preventing ...Ne4.}) 12... Ne4 $1 13. Bg3 $5 (13.
Bxe7 Qxe7 14. Rfd1 $5 (14. Bxe4 dxe4 15. Nd2 c5 $5 $132)) 13... Nxg3 14. hxg3
Nf6 15. Rfd1 Rc8 16. e4 dxe4 17. Nxe4 Nxe4 (17... Qc7 $5) 18. Bxe4 Bf6 $6 (
18... Bd6 $5 19. Ne5 Qe7 20. f4 (20. Bxc6 $6 Bxe5 21. Bxb7 Rxc1 22. Rxc1 Bxd4)
20... c5 (20... Bxe5 $143 21. dxe5 c5 22. Bxb7 Qxb7 23. Rd6 $14) 21. Bxb7 Qxb7
22. d5 $140 b5 $132) 19. Qa3 $6 (19. Ne5 $142 Bxe5 (19... Qd6 20. f4) 20. dxe5
Qe7 21. f4 Rfd8 (21... c5 22. Bxb7 Qxb7 23. Rd6 $14 {[%cal Gd1d8]}) 22. Kh2 $1
$14) 19... a5 $2 {[%mdl 16384] This move not only allows Nf3-e5 but also
weakens the b6-pawn.} (19... Qc7 $1 20. d5 $140 c5 21. d6 Qb8 {, and the d6
pawn is rather weak than strong.}) 20. Ne5 $1 {Finally!} Qe8 21. Re1 Qd8 22.
Qf3 Rc7 (22... Re8 23. Rcd1 Bxe5 24. dxe5 Qc7 25. Bc2 $1 $36 Rxe5 $4 26. Rxe5
Qxe5 27. Rd7) 23. Rcd1 g6 (23... Qd6 24. Nc4 Qb4 25. Qf5 g6 26. Qxf6 Qxc4 27.
Qd6 Rfc8 28. a3 $16 {[%csl Gd6]}) 24. Qb3 Kg7 $2 {Losing the b6-pawn and
consequently the game.} (24... b5 {was still possible altgough after} 25. a4 $1
(25. Nxg6 $2 a4) (25. Bxg6 $2 a4) 25... bxa4 26. Qxa4 {White is obviously
better.}) 25. Qxb6 Re7 26. Qc5 Rfe8 27. Bxc6 Bxc6 28. Qxc6 Qb8 29. Qc3 Qb4 30.
f4 Qxc3 31. bxc3 Rc7 32. Rd3 Rec8 33. Ree3 Rb7 34. d5 Rb1+ 35. Kh2 Ra1 36. Nd7
Bd8 37. Re8 Rxa2 38. d6 a4 39. Ne5 a3 40. d7 Rb8 41. Rxd8 Rxd8 42. Nc6 1-0

[Event "Baku FIDE GP"]
[Site "Baku"]
[Date "2008.04.27"]
[Round "6"]
[White "Inarkiev, Ernesto"]
[Black "Cheparinov, Ivan"]
[Result "0-1"]
[WhiteElo "2684"]
[BlackElo "2696"]
[Annotator "Krasenkow,M"]
[PlyCount "118"]
[EventDate "2008.04.21"]
[EventType "tourn"]
[EventRounds "13"]
[EventCountry "AZE"]
[EventCategory "19"]
[SourceTitle "CBM 124"]
[Source "ChessBase"]
[SourceDate "2008.05.28"]
[SourceVersion "1"]
[SourceVersionDate "2008.05.28"]
[SourceQuality "1"]

1. d4 d5 2. c4 c6 3. Nf3 Nf6 4. Nc3 e6 5. Bg5 h6 6. Bh4 dxc4 7. e4 g5 8. Bg3 b5
9. Be2 Bb7 10. O-O Nbd7 11. Ne5 Bg7 12. Nxd7 Nxd7 13. Bd6 a6 14. Re1 Bf8 {
This topical line was examined in several CBM issues, most recently in
annotations to Radjabov-Anand (CBM 122). GM Ernesto Inarkiev tries a new plan
avoiding the exchange of the dark-squared bishops.} 15. Bg3 (15. Bxf8 Rxf8 $6 (
15... Kxf8 $5) 16. b3 b4 17. Na4 c3 18. a3 a5 19. d5 $5 Qe7 20. d6 Qf6 21. e5
$1 $40 {1-0 Radjabov,T-Anand,V/Wijk aan Zee 2008/CBM 122/[Krasenkow] (82)})
15... Bg7 16. Bd6 Bf8 17. Bg3 Bg7 18. e5 $5 O-O (18... c5 $5 19. d5 O-O 20. Bf3
Ra7 $6 21. dxe6 Bxf3 22. exf7+ Rxf7 23. gxf3 $16 {1/2-1/2 Radjabov,T-Aronian,L/
Sofia BUL 2008/The Week in Chess 705 (56)}) 19. Bf3 Qe7 20. Ne4 {A typical
transfer of the white knight to d6.} Nb6 {And Black's typical reaction would be
} (20... c5 $5 {However, it is now quite risky due to} 21. Nxg5 hxg5 22. Bxb7
Rab8 23. Be4 cxd4 24. Qh5 Rfc8 25. Bh7+ Kf8 26. h4 gxh4 27. Bxh4 Qc5 28. Qg5
$40) 21. Qe2 (21. b3 $5) 21... Rad8 22. Rad1 Nd5 23. a3 Kh8 24. Qc2 a5 25. h4
$5 {It is logical to exploit the weakness of Black's kingside.} (25. b3 {
was another plan.}) 25... Nf4 (25... gxh4 $2 26. Nf6 $1 Nxf6 27. Bxh4 $16) 26.
hxg5 hxg5 27. Bxf4 gxf4 28. g4 (28. Nc5 $5) 28... f5 (28... fxg3 29. Kg2 f5 30.
exf6 Bxf6 31. Nc5 $36) 29. exf6 Bxf6 30. Kg2 Kg7 31. Nc5 (31. Nxf6 $5 {was now
more appropriate now, e.g.} Rxf6 (31... Qxf6 32. Re5) 32. Rh1 Rg6 33. Rh5 $36)
31... Bc8 32. Qe4 Qd6 33. Rh1 Rh8 34. g5 $6 {White adds some firewood to the
stove aspiring for more than} (34. Rxh8 Rxh8 35. Qxc6 Qxc6 36. Bxc6 b4 37. axb4
axb4 38. Rc1 $11) 34... Bxg5 35. Rhg1 Kf7 (35... Bf6 $5 36. Kf1+ Kf8 {White's
compensation for the missing material is hardly sufficient.}) 36. Kf1 Rdg8 37.
Ke2 Rg7 38. Rg4 $4 {[%mdl 8192] A blunder leading to a "sudden death". The
position remained unclear after} (38. Qxc6 Qxc6 39. Bxc6 b4 40. axb4 axb4 41.
Ra1 $132) 38... e5 $1 39. Nb7 $6 {Desperation.} Qg6 $6 {Quite enough for a win
but there was nothing wrong with} (39... Bxb7 40. dxe5 Qe7 41. Qf5+ (41. Rd6
Re8) 41... Ke8 42. Rd6 Rf8 $19 {parrying White's threats.}) 40. Qxg6+ Kxg6 (
40... Rxg6 $19) 41. Rxg5+ $5 Kxg5 42. Rg1+ Kf6 43. dxe5+ Kf7 44. Nd6+ Kf8 {
White's counterplay is over and Black's material advantage decides.} 45. Rd1
Ke7 46. Bxc6 Be6 (46... Bg4+ $5 47. Bf3 Bd7) 47. Bxb5 Rg5 (47... Bg4+ 48. Kd2
Bxd1 49. Nf5+ Kf7 50. e6+ Kf6 51. Nxg7 Bb3 52. e7 Kxe7 53. Nf5+ Kf6 54. Nd4 Rh2
$19) 48. Nxc4 Bg4+ 49. f3 Rh2+ 50. Kd3 Bxf3 51. Re1 Rg3 52. Kd4 Be2 53. e6 Rd3+
54. Ke4 f3 55. Ne5 Rh4+ 56. Kf5 Rh5+ 57. Kg4 Rxe5 58. Bxd3 Bxd3 59. Rxe5 f2 0-1